Statistiques concernant Top 100 - Sarah

Cliquez ici pour prendre le quiz!

Statistiques générales

  • Ce quiz a été pris 6 fois
  • Le résultat moyen est 12 sur 100

Statistiques - réponses

HintRéponse% Correct
12Anetra
40%
18Aquaria
40%
11Ben DeLaCreme
40%
1Bianca Del Rio
40%
15Gigi Goode
40%
22Jan
40%
8Jinkx Monsoon
40%
17Jujubee
40%
9Katya
40%
10Lady Camden
40%
44Nicky Doll
40%
23Raja
40%
13Scarlet Envy
40%
98Trinity The Tuck
40%
81Yvie Oddly
40%
4Adore Delano
20%
41Alyssa Edwards
20%
3Brooke-Lynn Hytes
20%
40Crystal Methyd
20%
7Dakota Schiffer
20%
62Elips
20%
30Gottmik
20%
28Ivy Winters
20%
32Jaida Essence Hall
20%
2Juriji Der Klee
20%
24Kameron Michaels
20%
6Kylie Sonique Love
20%
31Laganja Estranja
20%
73La Grande Dame
20%
27Lemon
20%
5Manila Luzon
20%
75Max
20%
38Miz Cracker
20%
97Ongina
20%
35Paloma
20%
14Plastique Tiara
20%
89Ra'Jah O'Hara
20%
70Raven
20%
56Rita Baga
20%
19Rosé
20%
94Shangela
20%
48Spice
20%
87Valentina
20%
58Violet Chachki
20%
95Willam
20%
100Alexis Mateo
0%
60Angeria Paris VanMichaels
0%
84Anita Wigl'it
0%
21Athena Sorgelikis
0%
54A'Whora
0%
77Baby
0%
71Beverly Kills
0%
33Blair St Clair
0%
67Blu Hydrangea
0%
90Carmen Carrera
0%
82ChelseaBoy
0%
78Courtney Act
0%
57Daya Betty
0%
25Denali Foxx
0%
52Drag Couenne
0%
61Edna Sorgelsen
0%
29Ella Vaday
0%
76Envy Peru
0%
26Etcetera Etcetera
0%
53Gia Metric
0%
83Gisèle Lullaby
0%
91Icesis Couture
0%
63Janey Jacké
0%
20Jasmine Kennedie
0%
16Kam Hugh
0%
42Keta Minaj
0%
51Loosey LaDuca
0%
34Marcia Marcia Marcia
0%
55Marina Summers
0%
74Minty Fresh
0%
72Miss Fame
0%
79My Little Puny
0%
96Pandora Boxx
0%
88Pangina Heals
0%
68Peach
0%
39Pearl
0%
45Phi Phi O'Hara
0%
66Priyanka
0%
85Pythia
0%
59Sagittaria
0%
80Scarlett BoBo
0%
47Scarlett Harlett
0%
99Sharonne
0%
92Sminty Drop
0%
69Starlet
0%
43Synthia Kiss
0%
49Tatianna
0%
64Tayce
0%
50The Countess
0%
46Trinity K Bonet
0%
93Vanessa Vanjie Mateo
0%
36Venedita Von Däsh
0%
86Vivaldi
0%
37Vivian Vanderpuss
0%
65Yuri Guaii
0%

Distribution des résultats

Percentile par nombre de réponses

% des personnes avec chaque résultat

Votre développement - résultats

Vous n’avez pas pris ce quiz